Deutsche Städte mit mindestens 300.000 Einwohnern - Sudden Death - Statistiken

Allgemein
  • Dieses Quiz wurde 1.476 mal gespielt
  • Das Durchschnittsergebnis liegt bei 13 aus 23
Answers on the Grid
Answers color-coded by a green-red scale on the quiz's grid according to % correct below.
Aachen
Augsburg
Berlin
Bielefeld
Bochum
Bonn
Braunschweig
Bremen
Chemnitz
Dortmund
Dresden
Duisburg
Düsseldorf
Essen
Frankfurt am Main
Freiburg
Gelsenkirchen
Halle (Saale)
Hamburg
Hannover
Karlsruhe
Kiel
Köln
Krefeld
Leipzig
Lübeck
Magdeburg
Mainz
Mannheim
Mönchengladbach
München
Münster
Nürnberg
Stuttgart
Wiesbaden
Wuppertal
 
Antwortstatistiken
Antwort % Korrekt
Berlin
92%
Dortmund
79%
Düsseldorf
79%
Frankfurt am Main
79%
Hamburg
75%
München
73%
Dresden
72%
Köln
72%
Stuttgart
72%
Bremen
69%
Essen
69%
Hannover
67%
Leipzig
64%
Nürnberg
60%
Duisburg
58%
Bochum
44%
Bonn
41%
Bielefeld
34%
Mannheim
32%
Münster
30%
Wuppertal
30%
Karlsruhe
28%
Augsburg
25%
Keine übereinstimmenden Quizze gefunden
Verteilung der Resultate
Anzahl Personen mit jedem Resultat
Perzentil nach korrekt beantworteten Fragen
Ihre Resultats-Entwicklung
Sie haben dieses Quiz noch nicht gespielt